Dynamique des communications dans les groupes (notice n° 2130083)

détails MARC
000 -LEADER
fixed length control field 01540cam a2200145 4500500
005 - DATE AND TIME OF LATEST TRANSACTION
control field 20260405022156.0
041 ## - LANGUAGE CODE
Language code of text/sound track or separate title fre
042 ## - AUTHENTICATION CODE
Authentication code dc
100 10 - MAIN ENTRY--PERSONAL NAME
Personal name Amado, Gilles
Relator term author
245 00 - TITLE STATEMENT
Title Dynamique des communications dans les groupes
260 ## - PUBLICATION, DISTRIBUTION, ETC.
Name of publisher, distributor, etc. Armand Colin,<br/>
Date of publication, distribution, etc. 2017.<br/>
520 ## - SUMMARY, ETC.
Summary, etc. Le groupe familial, la classe d’école, le groupe de travail, l’équipe sportive représentent des ensembles humains que nous approchons sans cesse. Toute communication est échange de signes, de symboles, et met en jeu des rapports d’influence, des mouvements affectifs. Comment s’organisent ces échanges au sein d’un groupe ? Quelle est leur dynamique repérable et inconsciente et comment parvenir à la discerner et l’analyser ? L’éthologie, la linguistique, la psychanalyse, l’anthropologie et la psychologie nous aident à approcher cette réalité. Les groupes humains contiennent et produisent le meilleur et le pire : création, coopération et autonomie d’un côté, enfermement, sectarisme et aliénation de l’autre. Refuges contre l’anxiété, la solitude, voire l’oppression, ils figurent aussi au cœur des projets, de l’action, du développement. Cet ouvrage désormais classique, réactualisé dans cette 7e édition, s’adresse aux étudiants, formateurs, travailleurs sociaux, psychologues et responsables d’équipes.
700 10 - ADDED ENTRY--PERSONAL NAME
Personal name Guittet, André
Relator term author
856 41 - ELECTRONIC LOCATION AND ACCESS
Uniform Resource Identifier <a href="https://shs.cairn.info/dynamique-des-communications-dans-les-groupes--9782200619473?lang=fr&redirect-ssocas=7080">https://shs.cairn.info/dynamique-des-communications-dans-les-groupes--9782200619473?lang=fr&redirect-ssocas=7080</a>

Pas d'exemplaire disponible.

PLUDOC

PLUDOC est la plateforme unique et centralisée de gestion des bibliothèques physiques et numériques de Guinée administré par le CEDUST. Elle est la plus grande base de données de ressources documentaires pour les Étudiants, Enseignants chercheurs et Chercheurs de Guinée.

Adresse

627 919 101/664 919 101

25 boulevard du commerce
Kaloum, Conakry, Guinée

Réseaux sociaux

Powered by Netsen Group @ 2025